000 00241 a2200097 4500
001 14666
100 _aAbu-ul-Hassan Nadvi
245 _aMaghrab say kuch saaf saaf batain
260 _aKarachi
_bMajils Nasryat Islam
_c
090 _c11452
_d11452
942 _aNUST-CAE
_cM
_c1617
999 _c249739
_d249739